Hukum perkahwinan Islam : suatu studi perbandingan dalam kalangan Ahlus-Sunnah dan Negara-negara Islam

Bibliographic Details
Main Author: Daly, Peunoh
Format: Book
Published: Batu Caves : Thinker's Library Sdn.Bhd. , 1989
Subjects:

MARC

LEADER 00000cam a2200000 7i4500
001 0000008918
002 000009718
005 20000330.0
020 |a 9676902713 
090 0 0 |a 297.14   |b DAL 
100 1 |a Daly, Peunoh   |f Dr 
245 1 0 |a Hukum perkahwinan Islam :   |b suatu studi perbandingan dalam kalangan Ahlus-Sunnah dan Negara-negara Islam   |c Dr. Peunoh Daly 
260 |a Batu Caves :   |b Thinker's Library Sdn.Bhd. ,   |c 1989 
300 |a 458p. ;   |c 21cm. 
650 0 0 |a Marriage (Islamic law) 
650 0 0 |a Marriage   |x Religious aspects   |x Islam 
999 |a 00176777   |b BUKU   |c PINJAMAN   |e PERPUSTAKAAN KOMUNITI PETALING JAYA 
999 |a 018188   |b BUKU   |c PINJAMAN   |e PERPUSTAKAAN KOMUNITI PETALING JAYA 
999 |a 043816   |b BUKU   |c PINJAMAN   |e PERPUSTAKAAN KOMUNITI PETALING JAYA